| 000 | 00769cam a22002415a 4500 | ||
|---|---|---|---|
| 001 | 18969146 | ||
| 005 | 20201128024124.0 | ||
| 008 | 160209t2016 enka frb 001 0 eng d | ||
| 020 | _a9781119165552 | ||
| 040 |
_aDLC _beng _cDLC _dEG-ScBUE |
||
| 082 | 0 | 4 |
_222 _a650.072 _bSEK |
| 100 | 1 |
_aSekaran, Uma. _91466 |
|
| 245 | 1 | 0 |
_aResearch methods for business : _ba skill-building approach / _cUma Sekaran and Roger Bougie. |
| 250 | _a7th ed. | ||
| 260 |
_aChichester : _bJohn Wiley & Sons, _cc.2016. |
||
| 300 |
_axxiii, 420 p. : _bill. ; _c24 cm. |
||
| 504 | _aIncludes bibliographical references and index. | ||
| 650 | 7 |
_aBusiness _xResearch _xMethodology. _2BUEsh _91465 |
|
| 651 | _2BUEsh | ||
| 653 |
_bBUSADM _cJanuary2017 |
||
| 700 | 1 | _aBougie, Roger. | |
| 942 | _2ddc | ||
| 999 |
_c24044 _d24016 |
||